00566nam a2200181Ia 450000500170000000800460001702000220006303700140008504000200009904100130011908400260013210000210015824500630017926000420024230000150028436500150029949000700031420250508165556.0008 250505s9999 xx 000 0 eng d a978-1-4411-7204-4 aReference aFEDLbengcFEDL aeng2eng a370.151, DHA/RRqFEDL aDhar Debotri Ed. 0aEducation and gender: Education as a humanitarian response aLondon, UKbBloomsbury Academicc2014 axii, 178p. aGBPb24.99 aAlso available in the Education as a Humanitarian Response Series